000 00849cam a2200241 4500
001 WB3636-33
008 000000n2000 000 0 eng u
035 _a(Sirsi) u108350
245 _aEC ruling halts urban renewal
260 _c2000
490 _aDaily Telegraph
_v14 September 2000, 14(1)
520 _aDescribes an all-party Commons select committee's attack on an EC ruling that the government's scheme for funding inner city redevelopment is illegal. Gap funding, encouraging the regeneration of run-down parts of cities such as Leeds and Liverpool, has been withdrawn.
590 _aWB
650 _aEC
650 _aEU
650 _aURBAN REGENERATION
650 _aPARTNERSHIP INVESTMENT PROGRAMME
650 _aGAP FUNDING
650 _aINNER CITIES
650 _aREDEVELOPMENT
690 _aREGENERATION
942 _n0
999 _c64684
_d64684